000 00640nam a2200205Ia 4500
005 20250508153439.0
008 008 250505s9999 xx 000 0 eng d
037 _aBooks to be hide in OPAC
040 _aFEDL
_beng
_cFEDL
041 _aeng
_2eng
084 _a373, UNI/O
_qFEDL
100 _aFord Edmund A
245 0 _aRural renaissance: Revitalizing small high schools
245 0 _cU S Department of Health, Education and Welfare
260 _aWashington, USA
_bU.S. Government Printing Office
_c1961
300 _a54p
546 _aBulletin 1961, No. 11
942 _cHB
_h373, UNI/O
999 _c1342949
_d1342949